La mirada interior (Record no. 15903)

MARC details
000 -LEADER
campo de control de longitud fija 00847nam a2200265 i 4500
001 - NÚMERO DE CONTROL
campo de control 15903
003 - IDENTIFICADOR DE NÚMERO DE CONTROL
campo de control ES-MaACL
005 - FECHA Y HORA DE LA ÚLTIMA TRANSACCIÓN
campo de control 20230906151204.0
007 - CAMPO FIJO DE DESCRIPCIÓN FÍSICA--INFORMACIÓN GENERAL
campo de control de longitud fija t|
008 - DATOS DE LONGITUD FIJA--INFORMACIÓN GENERAL
campo de control de longitud fija 000518s1999 sp ||||1| spa d
020 ## - NÚMERO INTERNACIONAL ESTÁNDAR DEL LIBRO
Número Internacional Estándar del Libro 84-270-2506-8
080 ## - NÚMERO DE LA CLASIFICACIÓN DECIMAL UNIVERSAL
Número de la Clasificación Decimal Universal 929-055.2(4)"04/14"
080 ## - NÚMERO DE LA CLASIFICACIÓN DECIMAL UNIVERSAL
Número de la Clasificación Decimal Universal 82-97.09"04/14"
100 1# - ENTRADA PRINCIPAL--NOMBRE DE PERSONA
Nombre de persona Cirlot, Victoria.
9 (RLIN) 38900
245 13 - MENCIÓN DEL TÍTULO
Título La mirada interior
Resto del título : escritoras místicas y visionarias en la Edad Media /
Mención de responsabilidad, etc. Victoria Cirlot, Blanca Garí.
260 ## - PUBLICACIÓN, DISTRIBUCIÓN, ETC.
Lugar de publicación, distribución, etc. Barcelona :
Nombre del editor, distribuidor, etc. Martínez Roca,
Fecha de publicación, distribución, etc. [1999]
300 ## - DESCRIPCIÓN FÍSICA
Extensión 317 p. ;
Dimensiones 22 cm.
490 1# - MENCIÓN DE SERIE
Mención de serie El árbol del saber
650 14 - PUNTO DE ACCESO ADICIONAL DE MATERIA--TÉRMINO DE MATERIA
Término de materia o nombre geográfico como elemento de entrada Escritoras-
Subdivisión cronológica S.V-XV.
9 (RLIN) 12370
650 14 - PUNTO DE ACCESO ADICIONAL DE MATERIA--TÉRMINO DE MATERIA
Término de materia o nombre geográfico como elemento de entrada Literatura religiosa-
Subdivisión general Autoras-
Subdivisión cronológica S.V-XV.
9 (RLIN) 14658
700 1# - ENTRADA AGREGADA--NOMBRE PERSONAL
Nombre de persona Garí, Blanca.
9 (RLIN) 55542
830 0# - PUNTO DE ACCESO ADICIONAL DE SERIE-TÍTULO UNIFORME
Título uniforme El árbol del saber
9 (RLIN) 228618
852 ## - LOCALIZACIÓN
Ubicación ES-MaACL
Número de control de estantería L-22880
Sublocalización o colección R.128155
Holdings
Estatus retirado Estado de pérdida Estado de daño No para préstamo Biblioteca de origen Biblioteca actual Ubicación en estantería Fecha de adquisición Fuente de adquisición Total de préstamos Signatura topográfica completa Código de barras Visto por última vez Precio de reemplazo Tipo de ítem Koha
        Biblioteca del Ateneo de Madrid Biblioteca del Ateneo de Madrid Depósito 2 17/01/2008     L-22880 1016163 23/02/2023 23/02/2023 Libro impreso